Computer Programming With C (Record no. 216)
[ view plain ]
| 000 -LEADER | |
|---|---|
| fixed length control field | 00429nam a22001697a 4500 |
| 003 - CONTROL NUMBER IDENTIFIER | |
| control field | OSt |
| 005 - DATE AND TIME OF LATEST TRANSACTION | |
| control field | 20241129101421.0 |
| 008 - FIXED-LENGTH DATA ELEMENTS--GENERAL INFORMATION | |
| fixed length control field | 201109b ||||| |||| 00| 0 eng d |
| 020 ## - INTERNATIONAL STANDARD BOOK NUMBER | |
| International Standard Book Number | 9789937870245 |
| 040 ## - CATALOGING SOURCE | |
| Transcribing agency | KEC Publicatrion |
| 082 ## - DEWEY DECIMAL CLASSIFICATION NUMBER | |
| Classification number | 005.133 |
| 245 ## - TITLE STATEMENT | |
| Title | Computer Programming With C |
| Statement of responsibility, etc. | by Sharma, Dilli Prasad |
| 250 ## - EDITION STATEMENT | |
| Edition statement | First |
| 260 ## - PUBLICATION, DISTRIBUTION, ETC. | |
| Place of publication, distribution, etc. | Kathmandu, Nepal |
| Name of publisher, distributor, etc. | KEC Publication |
| 300 ## - PHYSICAL DESCRIPTION | |
| Extent | 449 p |
| 942 ## - ADDED ENTRY ELEMENTS (KOHA) | |
| Source of classification or shelving scheme | Dewey Decimal Classification |
| Koha item type | BK |
| Koha issues (borrowed), all copies | 7 |
| Withdrawn status | Lost status | Source of classification or shelving scheme | Damaged status | Not for loan | Home library | Current library | Date acquired | Inventory number | Total Checkouts | Total Renewals | Full call number | Barcode | Date last seen | Date last checked out | Price effective from | Koha item type |
|---|---|---|---|---|---|---|---|---|---|---|---|---|---|---|---|---|
| Dewey Decimal Classification | Hetauda School of Management and Social Sciences | Hetauda School of Management and Social Sciences | 11/09/2020 | 10605 | 3 | 11 | 005.133 Sha 2013 | 002231 | 05/22/2025 | 11/29/2024 | 11/09/2020 | BK | ||||
| Dewey Decimal Classification | Hetauda School of Management and Social Sciences | Hetauda School of Management and Social Sciences | 03/04/2021 | 10607 | 4 | 13 | 005.133 Sha 2013 | 002241 | 05/06/2025 | 10/01/2024 | 03/04/2021 | BK |